000 00528nam a22001697a 4500
003 MACL
005 20160719154926.0
008 160719b xxu||||| |||| 00| 0 eng d
040 _cMACL
041 _aHindi
082 _a891.431 MAI
100 _aमालवीय, यश
_955986
245 _aबुद्ध मुस्‍कुराये
_cयश मालवीय
260 _aनई दिल्‍ली
_bभारतीय ज्ञानपीठ
_c2011
650 _aगीत
_964749
942 _2ddc
_cHIN
999 _c54493
_d54493